Marcatori della Roma in UEFA Europa Conference League 2021-2022 - Statistics

Statistiche generali
  • Questo quiz è stato fatto 26 volte
  • Il punteggio medio è 24 su 28
Statistiche sulle risposte
Partita Minuto Marcatore % Corretto
Roma - CSKA Sofia 5-1 84' Tammy Abraham
100%
Zorja - Roma 0-3 68' Tammy Abraham
100%
Roma - Zorja 4-0 46' Tammy Abraham
100%
Roma - Zorja 4-0 75' Tammy Abraham
100%
CSKA Sofia - Roma 2-3 15' Tammy Abraham
100%
CSKA Sofia - Roma 2-3 53' Tammy Abraham
100%
Roma - Vitesse 1-1 91' Tammy Abraham
100%
Roma - Bodø/Glimt 4-0 5' Tammy Abraham
100%
Roma - Leicester City 1-0 11' Tammy Abraham
100%
Roma - CSKA Sofia 5-1 25' Lorenzo Pellegrini
96%
Roma - CSKA Sofia 5-1 62' Lorenzo Pellegrini
96%
Bodø/Glimt - Roma 2-1 43' Lorenzo Pellegrini
96%
Leicester City - Roma 1-1 15' Lorenzo Pellegrini
96%
Roma - Zorja 4-0 33' Nicolò Zaniolo
88%
Roma - Bodø/Glimt 4-0 23' Nicolò Zaniolo
88%
Roma - Bodø/Glimt 4-0 29' Nicolò Zaniolo
88%
Roma - Bodø/Glimt 4-0 49' Nicolò Zaniolo
88%
Roma - Feyenoord 1-0 32' Nicolò Zaniolo
88%
Roma - CSKA Sofia 5-1 82' Gianluca Mancini
84%
Zorja - Roma 0-3 66' Chris Smalling
80%
CSKA Sofia - Roma 2-3 34' Borja Mayoral
68%
Bodø/Glimt - Roma 6-1 28' Carles Pérez
68%
Roma - Zorja 4-0 15' Carles Pérez
68%
Vitesse - Roma 0-1 46' Sérgio Oliveira
68%
Roma - CSKA Sofia 5-1 38' Stephan El Shaarawy
68%
Zorja - Roma 0-3 7' Stephan El Shaarawy
68%
Roma - Bodø/Glimt 2-2 54' Stephan El Shaarawy
68%
Roma - Bodø/Glimt 2-2 84' Roger Ibañez
60%
Nessun quiz corrispondente trovato
Distribuzione punteggi
Percentuale di utenti per punteggio
Percentile per numero di risposta
I tuoi punteggi nel tempo
Non hai fatto questo quiz